Compendium latino-hispanum, utriusque linguae veluti lumen (Registro nro. 74640)

Detalles MARC
000 -ENCABEZADO
Número de control [NR] 01569nam a2200265Ia 4500
008 - DE LONGITUD FIJA DE DATOS DE ELEMENTOS - INFORMACIÓN GENERAL
Elementos de longitud fija [NR] 130821s1775 sp grdd mul
040 ## - FUENTE DE CATALOGACION [NR]
Agencia de catalogación original [NR] Co-BoUCM
Idioma de catalogación [NR] spa
041 0# - CODIGO DE IDIOMA [R]
Código de idioma para texto/pista de sonido o título separado [R] Latín
-- Español
092 ## - SIGNATURA TOPOGRAFICA LOCAL
Número de clasificación local E12N028
100 1# - ASIENTO PRINCIPAL--NOMBRE PERSONAL [NR]
Nombre personal [NR] Salas, Pedro de
Fechas asociadas con el nombre [NR] 1584-1664
245 10 - MENCION DE TITULO [NR]
Título [NR] Compendium latino-hispanum, utriusque linguae veluti lumen
Mención de responsabilidad, etc. [NR] Petri de Salas ; Accedunt verba sacra (...) Joannis Ludovici de la Cerda diligenter excerpta atque etiam nomina hebraico-latina ac hispano sermone reddita.
246 13 - FORMA VARIANTE DEL TITULO [R]
Título propiamente dicho/forma breve del título [NR] [Diccionario latino-español y faro de ambas lenguas]
250 ## - MENCION DE EDICION [NR]
Mención de edición [NR] Editio novissima [Última edición]
Resto de la mención de edición [NR] prioribus accuratior et emendatior [cuidadosamente corregida].
260 ## - PUBLICACION, DISTRIBUCION, ETC. (PIE DE IMPRENTA) [R]
Lugar de publicación, distribución, etc. [R] Madrid (España)
Nombre del editor, distribuidor, etc. [R] Es officina D. Francisci a Mena [Francisco de Mena]
Fecha de publicación, distribución, etc. [R] 1775
300 ## - DESCRIPCION FISICA [R]
Extensión [R] [8], 1283 páginas
500 ## - NOTA GENERAL [R]
Nota general [NR] Detalles físicos: Encuadernación rígida en cartón grueso forrado en piel de buena calidad. Descuadernado. Lomo con aplique de cuero rojo y motivos decorativos en dorado, dañado en la parte superior. Tapas, con adornos dorados en los bordes, dañ
506 ## - NOTA DE RESTRICCIONES DE ACCESO [R]
Condiciones de acceso [NR] Consulta en sala.
520 ## - NOTA DE RESUMEN, ETC. [R]
Nota de sumario, etc. [NR] Diccionario latín español de la A a la Z. Nombres y términos sacros, poco usados y de significado poco conocido (Tomadas de los escritos de los autores sagrados).
650 ## - ASIENTO SECUNDARIO DE MATERIA - TERMINO TEMATICO [R]
Término temático o nombre geográfico como elemento de entrada [NR] Español
Subdivisión de forma [R] Diccionarios y enciclopedias
Subdivisión general [R] Latín
9 (RLIN) 7588
650 ## - ASIENTO SECUNDARIO DE MATERIA - TERMINO TEMATICO [R]
Término temático o nombre geográfico como elemento de entrada [NR] Latín
Subdivisión de forma [R] Diccionarios y enciclopedias
Subdivisión general [R] Español
9 (RLIN) 18289
690 ## - ASUNTO AGREGADO LOCAL DE ENTRADA - TÉRMINO TEMÁTICO (OCLC, RLIN)
Acceso temático local Lingüística aplicada
700 1# - ASIENTO SECUNDARIO - NOMBRE PERSONAL [R]
Nombre personal [NR] Mena, Francisco de
Término de relación [R]
942 ## - ELEMENTOS DE ENTRADA AGREGADOS (KOHA)
Tipo de ítem principal el descrito en 300a Libro
Tema principal Ciencias puras
Edición 1
Sistema de clasificación DEWEY
Clasificación 473.6
Existencias
Total préstamos Código de barras Última vez visto Volúmen / Fascículo Ejemplar Price effective from Tipo de ítem Perdido Sistema de clasificación Dañado No prestable Tipo de ítem específico Suprimido Ubicación habitual Ubicación actual Localización Fecha de creación Forma de adquisición Costo
  L001847 15/12/2012 E12N028 Ej.1 03/02/2013 Libro   DEWEY     Libro archivo     Archivo Histórico Archivo histórico 28/02/2013 Donación 0.00